| 000 | 01643nam0a2200313 4500 | ||
|---|---|---|---|
| 001 | RU\NLR\BIBL_A\022477744 | ||
| 005 | 20250515140908.0 | ||
| 010 |
_a978-5-238-03958-9 _9500 |
||
| 021 |
_aRU _bКН-П-24-085582 _9КН-П-24-8501 |
||
| 035 | _a(NLR Aleph) 022477744 | ||
| 090 |
_a13373416 _c13373416 |
||
| 100 | _a20250304d2025 u y0rusy50 ca | ||
| 101 | 0 | _arus | |
| 102 | _aRU | ||
| 105 | _ay j 000yy | ||
| 181 | 0 |
_ai4 _baxxe |
|
| 182 | 0 | _an | |
| 200 | 1 |
_aПравовое обеспечение использования информационных технологий в сфере здравоохранения _eучебное пособие для студентов высших учебных заведений, обучающихся по направлению подготовки "Юриспруденция" _fЮ. А. Климан |
|
| 203 |
_aТекст _bвизуальный _cнепосредственный |
||
| 210 |
_aМосква _cЮНИТИ _cЮНИТИ-ДАНА _d2025 (печ. 2024) |
||
| 215 |
_a182, [1] с. _d22 |
||
| 320 | _aБиблиогр.: с. 170-182 и в подстроч. примеч. | ||
| 606 | 1 |
_aЗдравоохранение _xИнформационные технологии _xПравовые вопросы _yРоссийская Федерация _jУчебные издания для высших учебных заведений _2nlr_sh2 _3RU\NLR\AUTH\6601722175 |
|
| 686 | 1 | _aХ621.154с11я73 | |
| 700 | 1 |
_aКлиман _bЮ. А. _gЮрий Александрович |
|
| 942 | _cBOOK | ||
| 980 | _aNB | ||